Statistics for NZ Provincial sides to have defeated the Wallabies

Click here to take the quiz!

General Stats

  • This quiz has been taken 117 times
  • The average score is 41 of 47

Answer Stats

YearTeam% Correct
1905Auckland
100%
1964Auckland
100%
1913Auckland
100%
1936Auckland
100%
1990Auckland
100%
1986Canterbury
99%
1931Canterbury
99%
1936Canterbury
99%
1946Canterbury
99%
1962Canterbury
99%
1978Otago
99%
1972Otago
99%
1931Wellington
98%
1990Waikato
97%
1972Waikato
97%
1946North Auckland
93%
1958North Auckland
93%
1978North Auckland
93%
1905Manawatu-Hawkes Bay
92%
1913Southland
92%
1931Southland
92%
1978Southland
92%
1936Southland
92%
1946Southland
92%
1952Southland
92%
1946Southland
92%
1958Southland
92%
1962Southland
92%
1905Taranaki-Wanganui
92%
1990Bay of Plenty
88%
1982Bay of Plenty
88%
1958Hawke's Bay
88%
1936Hawke's Bay
88%
1972Hawke's Bay
88%
1958Manawatu
87%
1978Manawatu
87%
1982Counties
86%
1931Nelson-West Coast
80%
1972Buller-West Coast
77%
1949West Coast-Buller
77%
1913South Canterbury
72%
1962North Otago
69%
1964Mid Canterbury
64%
1913Wanganui
64%
1936Wairarapa
60%
1962Thames Valley
52%
1946NZ Maori
38%

Score Distribution

Percentile by Number Answered

Percent of People with Each Score

Your Score History

You have not taken this quiz